|
|
|
|
| LEADER |
00613cam a2200193 7i4500 |
| 001 |
0000030561 |
| 005 |
20140218090000.0 |
| 020 |
0 |
0 |
|a 9781118518519
|
| 090 |
0 |
0 |
|a B 658.4092095
|b KOU
|
| 100 |
1 |
0 |
|a Kouzes
|
| 245 |
1 |
0 |
|a Making extraordinary things happen in Asia :
|b applying the Five Practices of Exemplary Leadership.
|
| 260 |
0 |
0 |
|a San Francisco:
|b Jossey - Bass,
|c 2013.
|
| 300 |
# |
# |
|a 145 p.
|
| 650 |
0 |
0 |
|a Leadership --
|z Asia
|
| 650 |
0 |
0 |
|a Corporate governance --
|z Asia
|
| 651 |
0 |
0 |
|a Asia
|
| 700 |
1 |
0 |
|a Posner,
|h Barry Z.
|
| 700 |
1 |
0 |
|a Dekrey,
|h Steven J.
|
| 999 |
|
|
|a B000033790
|b Book
|c Book
|e Business Information Centre
|